MARC

LEADER 00000nam0a2200000 4500
001 215024
005 20231101225934.0
010 |a 9780521702690 
035 |a (RuTPU)RU\TPU\book\234918 
035 |a RU\TPU\book\178659 
090 |a 215024 
100 |a 20120503d2008 m y0engy50 ba 
101 0 |a eng 
102 |a GB 
105 |a a j 000zy 
200 1 |a Professional English in Use. Marketing  |f C. Farrall, M. Lindsley 
210 |a Cambridge  |c Cambridge University Press  |d 2008 
215 |a 144 p. 
606 1 |a Английский язык  |x Учебные руководства и пособия  |x Учебные руководства и пособия для высшей школы  |2 stltpush  |3 (RuTPU)RU\TPU\subj\29071  |9 52483 
610 1 |a лексика 
610 1 |a грамматика 
610 1 |a разговорная речь 
610 1 |a упражнения 
610 1 |a экономика 
610 1 |a бизнес 
610 1 |a маркетинг 
686 |a Ш143.21-923  |v LBC/SL-A  |2 rubbk 
700 1 |a Farrall  |b C.  |g Cate 
701 1 |a Lindsley  |b M.  |g Marianne 
801 1 |a RU  |b 63413507  |c 20061020  |g PSBO 
801 2 |a RU  |b 63413507  |c 20141024  |g PSBO 
942 |c BK